| 000 | 00474 a2200157 4500 | ||
|---|---|---|---|
| 005 | 20250527113242.0 | ||
| 020 | _a81-203-1839-0 | ||
| 082 | _a658.8 KOT | ||
| 100 | _aKOTLER, P. | ||
| 245 | _aPrinciples Of Marketing | ||
| 250 | _a9th Ed. | ||
| 260 |
_aNew Delhi, _bPrentice-Hall of India, _c2001. |
||
| 300 |
_axxxi, 785p.: ill.; figure, picture, table. _bGlossary, index. _c27cm. |
||
| 856 |
_yAccess online book _fPrinciples Of Marketing _dwww.phindia.com |
||
| 942 |
_2ddc _cBKS |
||
| 999 |
_c2733 _d2733 |
||